000 00578nam a2200217Ia 4500
001 14898
003 GE_BSU
008 181216s||||||||xx |||||||||||||| ||und||
040 _cGE_BSU
080 _a517(075.8)
100 _aБермант,А.Ф.
245 _aКурс математического анализа. ч.2
245 _cРед.Л.Я.Цлаф
250 _a4-е изд.
260 _aМосква
260 _bНаука
260 _c1951
300 _a443стр.22см.
653 _aКурс математического анализа
942 _cBK
999 _c48018
_d48018